Ako sa zakladali mestá

Bibliographic Details
Main Author: Mišák, Peter, 1950- (Author)
Format: Article
Language:Slovak
ISSN:1335-7786
Subjects:

MARC

LEADER 00000nab a2200000 a 4500
001 vtls008934470
003 SK-MaSNL
005 20260303070609.0
008 131021c2006 xo mr|p|||||||000 b|slo
015 |a SNBRB2007/01  |2 snkbucl 
038 |a SNKBUCL 
040 |a SNKBUCL  |b slo  |c SNKBUCL  |e AACR2 
041 0 |a slo 
044 |a xo  |c SK 
080 |a 82.09:821.162.4-311.6  |x (048)  |2 1997 
080 |a 821.162.4-311.6  |x (048)  |2 1997 
100 1 |a Mišák, Peter,  |d 1950-  |4 aut  |9 106471 
245 1 0 |a Ako sa zakladali mestá  |c Peter Mišák 
650 0 7 |a historické romány, slovenské  |x recenzie  |2 snkbucl  |9 1006422 
655 7 |a recenzie  |2 snkbucl  |9 21907 
773 0 |t Slovenské pohľady  |g Roč. IV.+122., č. 12 (2006), s. 113-115  |x 1335-7786 
787 0 8 |i Rec.:  |a Klimčík, Ctirad, 1961-  |t Klietka hanby  |d Žilina : Knižné centrum, 2006  |z 8080642648 
852 |a SNK  |b KIS3GCP 
958 |a LX 
958 |a SK 
958 |a RC 
999 |c 1756066  |d 1757996